<?xml version="1.0" encoding="UTF-8"?>
<marc:record xmlns:marc="http://www.loc.gov/MARC21/slim">
   <marc:leader>00000nam a2200000 a 4500</marc:leader>
   <marc:datafield ind1="0" ind2="0" tag="245">
      <marc:subfield code="a">Teamwork</marc:subfield>
   </marc:datafield>
   <marc:datafield ind1=" " ind2="1" tag="264">
      <marc:subfield code="a">Remseck a.N.</marc:subfield>
      <marc:subfield code="b">adlung-spiele</marc:subfield>
      <marc:subfield code="c">2004</marc:subfield>
   </marc:datafield>
   <marc:datafield ind1="1" ind2=" " tag="520">
      <marc:subfield code="a">Wie soll das denn gehen? Was passiert, wenn ein Erklärerteam aus zwei Spielern einen Begriff beschreiben soll, hierfür aber nur einen gemeinsamen Satz sagen darf? Doch es kommt noch besser: Die beiden dürfen sich vorher nicht absprechen und bilden den Satz im Wechsel Wort für Wort! Da ist Laune angesagt, denn alle anderen versuchen gleichzeitig und wild durcheinander den Begriff zu erraten. Wer holt sich die meisten Punkte?</marc:subfield>
   </marc:datafield>
   <marc:datafield ind1=" " ind2=" " tag="500">
      <marc:subfield code="a">ab 4 Spieler</marc:subfield>
   </marc:datafield>
</marc:record>
